Strategické riadenie nákladov v podnikoch sieťových odvetví

Guardado en:
Detalles Bibliográficos
Autor principal: Floreková, Slavka, 1975-
Formato: Capítulo de libro
Lenguaje:eslovaco
Etiquetas: Agregar Etiqueta
Sin Etiquetas, Sea el primero en etiquetar este registro!

MARC

LEADER 00000nla$a2200000$$$4500
001 0060886
005 20240502071658.3
041 0 |a slo 
044 |a SK 
245 1 0 |a Strategické riadenie nákladov v podnikoch sieťových odvetví  |c Slávka Floreková 
100 1 |a Floreková, Slavka, 1975-